Geography Quiz

Random Geography or World Quiz

Highest World Capitals Quiz Stats

 Plays Quiz Updated Jul 2, 2018

Challenge
Share
Tweet
Embed
Score 0/25 Timer 05:00
2 Plays Today
Elevation Capital % Correct
4,100m (13,451 ft)La Paz, Bolivia
70.6%
1,324m (4,344 ft)Kathmandu, Nepal
68.4%
2,240m (7,350 ft)Mexico City, Mexico
67.1%
2,850m (9,350 ft)Quito, Ecuador
60.9%
2,640m (8,661 ft)Bogotá, Colombia
55.7%
1,172m (3,854 ft)Brasília, Brazil
48.2%
1,790m (5,873 ft)Kabul, Afghanistan
41.6%
1,661m (5,450 ft)Nairobi, Kenya
36.4%
1,200m (3,937 ft)Tehran, Iran
36.1%
1,350m (4,430 ft)Ulaanbaatar, Mongolia
31.9%
1,271m (4,170 ft)Pretoria, South Africa
30.4%
2,355m (7,726 ft)Addis Ababa, Ethiopia
28.3%
2,350m (7,546 ft)Thimphu, Bhutan
28.2%
Elevation Capital % Correct
1,493m (4,897 ft)Guatemala City, Guatemala
24.4%
1,190m (3,904 ft)Kampala, Uganda
21.1%
1,567m (5,141 ft)Kigali, Rwanda
20.6%
1,490m (4,888 ft)Harare, Zimbabwe
19.5%
1,160m (3,806 ft)San José, Costa Rica
19%
1,280m (4,198 ft)Lusaka, Zambia
16.1%
1,654m (5,428 ft)Windhoek, Namibia
13.4%
1,600m (5,249 ft)Maseru, Lesotho
12.8%
1,158m (3,800 ft)Mbabane, eSwatini
12.3%
2,325m (7,628 ft)Asmara, Eritrea
12%
1,276m (4,186 ft)Antananarivo, Madagascar
8.7%
2,200m (7,218 ft)San'a', Yemen
7.8%

You're not logged in!

Compare scores with friends on all Sporcle quizzes.
Join for Free
OR
Log In

You Might Also Like...

Show Comments

Extras

Top Quizzes Today


Score Distribution

Your Account Isn't Verified!

In order to create a playlist on Sporcle, you need to verify the email address you used during registration. Go to your Sporcle Settings to finish the process.

Report this User

Report this user for behavior that violates our Community Guidelines.

Details: